Statistics for Twin Peaks/Fire Walk With Me Quiz #1 (Intermediate-Expert)

Click here to take the quiz!

General Stats

  • This quiz has been taken 410 times
  • The average score is 7 of 15

Answer Stats

HintAnswer% Correct
What was Dr Jacoby's favourite US state?Hawaii
82%
Who were the three Renault brothers?Jacques, Jean, Bernard
71%
Who dressed up as Japanese business man, Mr Tojamura?Catherine Martell
69%
What food did Mrs Tremond request not to receive?Creamed Corn
63%
What school grade did Shelly drop out of to marry Leo?Eleventh
63%
Who played Denise (Dennis) Bryson?David Duchovny
56%
Whose suicide note read “J’ai une âme solitaire”?Harold Smith
55%
Where did Madeleine Ferguson live?Missoula, Montana
52%
What does Garmanbozia mean?Pain and Sorrow
45%
Name a character in Invitation to Love:Chet, Montana, Emerald, Jade, Jared
36%
Who ate his food "the European way"?Dick Tremayne
34%
Where was Leland Palmer's grandparents' vacation home?Pearl Lakes
30%
What is Bob Lydecker's profession? (One-Armed Man's best friend)Veterinarian
28%
What was the visiting food critic's alias?M.T. Wentz
23%
Who was Hawk's girlfriend?Diane Shapiro
11%

Score Distribution

Percentile by Number Answered

Percent of People with Each Score

Your Score History

You have not taken this quiz